Mecanismos electrónicos de seguimientos:entre el panóptico y la prisión electrónica (Registro nro. 10399)

Detalles MARC
000 -Cabecera
Campo de control de longitud fija 00741nam a22002657a 4500
005 - Fecha y hora de la última transacción
Campo de control 20260417180432.0
008 - Elementos de longitud fija--Información general
Campo de control de longitud fija 180307b2017 xxu||||| |||| 00| 0 spa d
020 ## - International Standard Book Number
Número Internacional Estándar del Libro (ISBN) 9789977136578
041 ## - Idioma
Código de idioma Español
082 ## - Clasificación Decimal Dewey
Número de clasificación 365.6 M827m
100 ## - Entrada principal--Autor personal
Nombre personal Mora Sánchez, Jeffry José
9 (RLIN) 41568
245 ## - Título propiamente dicho
Título Mecanismos electrónicos de seguimientos:entre el panóptico y la prisión electrónica
260 ## - Pie de imprenta
Lugar de publicación, distribución, etc. Costa Rica
260 ## - Pie de imprenta
Nombre del editor, distribuidor, etc. IJSA
260 ## - Pie de imprenta
Fecha de publicación, distribución, etc. 2017
300 ## - Descripción física
Extensión 264 páginas
490 ## - Serie
Título de la Serie Investigación Criminal
650 ## - Materia general
Temática (materia general) MECANISMOS ELECTRÓNICOS
650 ## - Materia general
Temática (materia general) VIGILANCIA ELECTRÓNICA
650 ## - Materia general
Temática (materia general) COSTA RICA
650 ## - Materia general
Temática (materia general) PRESOS
650 ## - Materia general
Temática (materia general) PENAS ALTERNATIVAS
650 ## - Materia general
Temática (materia general) SISTEMAS PENITENCIARIOS
942 ## - Punto de acceso adicional KOHA
Tipo de ítem KOHA Libro
Fuente del sistema de clasificación o colocación Dewey Decimal Classification
Existencias
Signatura completa Código de barras Programa Académico Tipo de ítem
365.6 M827m 22809 Investigación Criminal Libro